[Event "Prague Golden 65+ op 17th"]
[Site "Prague"]
[Date "2022.07.17"]
[Round "9"]
[White "Tichonov, Jiri"]
[Black "Kopecka, Jira"]
[Result "1-0"]
[WhiteElo "2028"]
[BlackElo "1910"]
[PlyCount "63"]
[EventDate "2022.07.09"]
[EventType "swiss"]
[EventRounds "9"]
[EventCountry "CZE"]
[SourceTitle "CBM 209 Extra"]
[Source "ChessBase"]
[SourceDate "2022.09.30"]
[SourceVersion "1"]
[SourceVersionDate "2022.09.30"]
[SourceQuality "1"]

1. d4 Nf6 2. c4 g6 3. g3 Bg7 4. Bg2 0-0 5. Nc3 d6 6. Nf3 Nc6 7. d5 Na5 8. Nd2 c5 9. 0-0 b6 10. Qc2 Ba6 11. b3 Ng4 12. Bb2 Ne5 13. h3 f5 14. f4 Nd7 15. e4 Bc8 16. Rae1 Rb8 17. exf5 gxf5 18. Re2 Nf6 19. Rfe1 Re8 20. Nf3 a6 21. Ng5 b5 22. cxb5 axb5 23. Ne6 Bxe6 24. Rxe6 b4 25. Nd1 c4 26. bxc4 Rc8 27. Ne3 Nh5 28. Nxf5 Rxc4 29. Qb1 Bxb2 30. Qxb2 Rc3 31. Qxb4 Qc7 32. Kh2 1-0

[Event "Prague Golden 65+ op 17th"]
[Site "Prague"]
[Date "2022.07.11"]
[Round "3"]
[White "Kopecka, Jira"]
[Black "Svetla, Jira"]
[Result "1-0"]
[WhiteElo "1910"]
[BlackElo "1851"]
[PlyCount "79"]
[EventDate "2022.07.09"]
[EventType "swiss"]
[EventRounds "9"]
[EventCountry "CZE"]
[SourceTitle "CBM 209 Extra"]
[Source "ChessBase"]
[SourceDate "2022.09.30"]
[SourceVersion "1"]
[SourceVersionDate "2022.09.30"]
[SourceQuality "1"]

1. e4 d6 2. d4 Nf6 3. Nc3 g6 4. Be3 c6 5. h3 b5 6. e5 Nfd7 7. f4 b4 8. Ne4 d5 9. Ng5 Nb6 10. b3 h6 11. N5f3 a5 12. Bd3 e6 13. Ne2 Ba6 14. 0-0 N8d7 15. g4 c5 16. Bxa6 Rxa6 17. Kg2 Qa8 18. dxc5 Nxc5 19. Ng3 Be7 20. f5 gxf5 21. gxf5 Ne4 22. fxe6 fxe6 23. Nxe4 dxe4 24. Nd4 Nd5 25. Qe2 Nxe3+ 26. Qxe3 Qd5 27. Qg3 Bg5 28. Qg4 Qxd4 29. Qh5+ Kd8 30. Rad1 Rd6 31. exd6 Qa7 32. Qf7 Qxf7 33. Rxf7 Rg8 34. Kf1 e3 35. Ke2 e5 36. Ra7 Rg6 37. d7 Rc6 38. Ra8+ Kc7 39. Rc8+ Kb7 40. Rxc6 1-0

[Event "Prague Golden 65+ op 17th"]
[Site "Prague"]
[Date "2022.07.09"]
[Round "1"]
[White "Kopecka, Jira"]
[Black "Melich, Jindrich"]
[Result "1/2-1/2"]
[WhiteElo "1910"]
[BlackElo "2052"]
[PlyCount "31"]
[EventDate "2022.07.09"]
[EventType "swiss"]
[EventRounds "9"]
[EventCountry "CZE"]
[SourceTitle "CBM 209 Extra"]
[Source "ChessBase"]
[SourceDate "2022.09.30"]
[SourceVersion "1"]
[SourceVersionDate "2022.09.30"]
[SourceQuality "1"]

1. e4 d6 2. d4 Nf6 3. Nc3 g6 4. Be3 Bg7 5. Qd2 Ng4 6. Bf4 e5 7. dxe5 Nxe5 8. Be2 h6 9. Nf3 Nbc6 10. Nxe5 dxe5 11. Qxd8+ Nxd8 12. Be3 c6 13. Bd3 Ne6 14. 0-0 0-0 15. Rfd1 Rd8 16. Ne2 1/2-1/2